Normal view MARC view
  • Marx, Karl,

Entry Nombre Personal

Number of records used in: 35

001 - NUMERO DE CONTROL

  • campo de control: 8244

003 - IDENTIFICADOR DE NUMERO DE CONTROL

  • campo de control: MX-MxUPN

005 - FECHA Y HORA DE LA ÜLTIMA TRANSACCIÓN

  • campo de control: 20231025154607.0

008 - DATOS DE LONGITUD FIJA

  • campo de control de longitud fija: 231025n||acnnnbabn | ana |d

035 ## - NUMERO DE CONTROL

  • Número de control: UPN10000008250

040 ## - FUENTE DE CATALOGACIÓN

  • Agencia original de catalogación: MX-MxUPN
  • Lenguaje de catalogación: spa
  • Agencia de transcripción: MX-MxUPN

053 #4 - NÚMERO DE CLASIFICACIÓN LC

  • Número de clasificación elemento-número único o número inicial de tramo: HX37.5

100 1# - ENCABEZAMIENTO - NOMBRE PERSONAL

  • Nombre personal: Marx, Karl,
  • Fechas asociadas con el nombre: 1818-1883
  • Subdivisión temática general : Crítica e interpretación

670 ## - FUENTE EN LA QUE SE LOCALIZARON DATOS

  • Cita de la fuente: T/P
  • Información localizada: Salvat Universal

902 ## - CATALOGADOR

  • Catalogador: JMG/270296